| 000 | 00555nam a22001697a 4500 | ||
|---|---|---|---|
| 999 |
_c26416 _d26416 |
||
| 003 | BDDh-ASL | ||
| 005 | 20231015030636.0 | ||
| 008 | 211008s1956 p ||||| |||| 00| 0 u d | ||
| 040 |
_aBDDh-ASL _cBDDh-ASL |
||
| 082 |
_a297.23 _bAZQ |
||
| 100 | 1 |
_94884 _aAzmi, Nur Mohammad |
|
| 245 | 1 | 0 | _aQurune Ula Mein Islami Hukumat Ke Chand Namune : / قرون اولی ميں اسلامی حکومت کے جند نمونے |
| 260 |
_aKarachi : _bA.Sharif , _c1956. |
||
| 300 |
_a64 p. : _c18 cm. |
||
| 650 | 0 |
_91652 _aIslam _xPolitical Islam |
|
| 942 |
_2ddc _cBK |
||